000 00202nam a2200109Ia 4500
100 _a#N/A
942 _cBK
654 _atypes
245 _aEffective Communication
260 _b#N/A
546 _aENGLISH
999 _c24578
_d24578